MAASAI MARA UNIVERSITY

LIBRARY CATALOGUE

Contact Us: +254 020 2685356/7 or 0774 057787

Box: 861-20500, NAROK, KENYA

Email: info@mmarau.ac.ke

The waiting land: (Record no. 27010)

MARC details
000 -LEADER
fixed length control field 00587nam a22002177a 4500
003 - CONTROL NUMBER IDENTIFIER
control field OSt
005 - DATE AND TIME OF LATEST TRANSACTION
control field 20230119035802.0
008 - FIXED-LENGTH DATA ELEMENTS--GENERAL INFORMATION
fixed length control field 170405b xxu||||| |||| 00| 0 eng d
020 ## - INTERNATIONAL STANDARD BOOK NUMBER
International Standard Book Number 0712619283
040 ## - CATALOGING SOURCE
Original cataloging agency MMU
Transcribing agency MMU
Modifying agency MMU
Language of cataloging eng.
043 ## - GEOGRAPHIC AREA CODE
Geographic area code a-np---
050 00 - LIBRARY OF CONGRESS CALL NUMBER
Classification number DS485 .N4.M87 1967
082 00 - DEWEY DECIMAL CLASSIFICATION NUMBER
Classification number 915.49/6/03
100 1# - MAIN ENTRY--PERSONAL NAME
Personal name Murphy, Dervla,
Dates associated with a name 1931-
245 14 - TITLE STATEMENT
Title The waiting land:
Remainder of title a spell in Nepal/
Statement of responsibility, etc. Dervla Murphy.
260 ## - PUBLICATION, DISTRIBUTION, ETC. (IMPRINT)
Place of publication, distribution, etc. London:
Name of publisher, distributor, etc. Century,
Date of publication, distribution, etc. 1967.
300 ## - PHYSICAL DESCRIPTION
Extent v,216p.;
500 ## - GENERAL NOTE
General note Includes index.
651 #0 - SUBJECT ADDED ENTRY--GEOGRAPHIC NAME
Geographic name Nepal
General subdivision Description and travel.
942 ## - ADDED ENTRY ELEMENTS (KOHA)
Source of classification or shelving scheme Library of Congress Classification
Koha item type L
Holdings
Withdrawn status Lost status Source of classification or shelving scheme Damaged status Not for loan Home library Current library Date acquired Source of acquisition Total Checkouts Full call number Barcode Date last seen Price effective from Koha item type
    Library of Congress Classification     Maasai Mara University Library -Main Campus Maasai Mara University Library -Main Campus 04/05/2017 Donation-T4C   DS485.N4.M87 1967 17030871 04/05/2017 04/05/2017 L
© 2016 Maasai Mara University.